| 000 | 00731nam a2200229Ia 4500 | ||
|---|---|---|---|
| 008 | 191130s2009##################000#0#eng## | ||
| 020 | _a9781848442283 | ||
| 022 | _a2009936755 | ||
| 040 |
_aACL _cACL |
||
| 082 | _a339.5 SAL | ||
| 245 |
_aInstitutional and social dynamics of growth and distribution _c[edited by] Neri Salvadori |
||
| 260 |
_aCheltenham, UK ; Northampton, MA _bEdward Elgar Pub _c2009 |
||
| 300 | _axiii, 360 p. : ill. ; 24 cm | ||
| 500 | _aIncludes index | ||
| 650 | _aEconomic development | ||
| 650 | _aEconomic development -- Mathematical models | ||
| 650 | _aIncome distribution | ||
| 700 | _aSalvadori, Neri | ||
| 990 | _af274cd1aac10000c18934d83ab80039f | ||
| 991 | _a253325 | ||
| 999 |
_c216147 _d216147 |
||